NLSUI OPAC header image

State services for women in crisis in Karnataka: A study (Record no. 36656)

MARC details
000 -LEADER
fixed length control field 00570nam a2200157Ia 4500
008 - FIXED-LENGTH DATA ELEMENTS--GENERAL INFORMATION
fixed length control field 160316s2010 xxu||||| |||| 00| 0 eng d
082 ## - DEWEY DECIMAL CLASSIFICATION NUMBER
Classification number 305.400000
Item number SUB
100 ## - MAIN ENTRY--PERSONAL NAME
Personal name Subramaniam Indhu
245 ## - TITLE STATEMENT
Title State services for women in crisis in Karnataka: A study
250 ## - EDITION STATEMENT
Edition statement
260 ## - PUBLICATION, DISTRIBUTION, ETC.
Place of publication, distribution, etc. Bangalore
Name of publisher, distributor, etc. Hengasara Hakkina Sangha
Date of publication, distribution, etc. 2010
300 ## - PHYSICAL DESCRIPTION
Extent 89
Other physical details
Dimensions
365 ## - TRADE PRICE
Price amount
650 ## - SUBJECT ADDED ENTRY--TOPICAL TERM
Topical term or geographic name entry element 1. Violence against women - Karnataka<br/>2. Methodology<br/>3. Policy analysis - services studied<br/>4. State funded counsellting centres<br/>5. Residential sercies<br/>6. Findings<br/>
700 ## - ADDED ENTRY--PERSONAL NAME
Personal name B N Usha
--
Holdings
Withdrawn status Lost status Damaged status Not for loan Home library Current library Shelving location Date acquired Total Checkouts Full call number Barcode Date last seen Price effective from Koha item type
        . .   30.05.2017   305.4 SUB REP12302 30.05.2017 30.05.2017 Repository